000 00288nam a2200133Ia 4500
005 20260328104334.0
008 260328s9999||||xx |||||||||||||| ||und||
100 _aDaab
245 0 _aWood Design /
_cDaab
260 _bDaab
300 _a398 p.
650 _aCASAS DE CAMPO
942 _cBK
999 _c11812
_d11812